000 00515nam a2200193Ia 4500
003 OSt
005 20221007083230.0
006 a|||||r|||| 00| 0
007 ta
008 221006b |||||||| |||| 00| 0 eng d
024 _a22,484
037 _cTheseses
040 _aFLL
_cFLL
_beng
041 _2eng
_aeng
100 _aSaxena Poonam
_9700508
245 0 _aProperty rights of women in the perspective of gender equality in Nepalese Law
942 _cDIS
_2CC
999 _c1169320
_d1169320